Two Of Us Lyrics by The Beatles - Statistics

General Stats
  • This quiz has been taken 21 times
  • The average score is 143 of 174
Answer Stats
Answer % Correct
of
100%
Two
100%
us
100%
back
94%
home.
94%
home,
94%
on
94%
our
94%
way
94%
We're
94%
we're
94%
and
88%
going
88%
have
88%
I
88%
me
88%
that
88%
the
88%
You
88%
you
88%
driving,
82%
nowhere,
82%
riding
82%
hard
76%
memories
76%
not
76%
road
76%
someone's
76%
stretches
76%
sun.
76%
than
76%
ahead.
71%
arriving,
71%
earned
71%
in
71%
longer
71%
pay.
71%
Sunday
71%
out
65%
solo
65%
spending
65%
standing
59%
matches,
53%
writing
53%
chasing
47%
getting
47%
latches,
47%
letters
47%
paper,
47%
wall.
47%
burning
41%
lifting
41%
my
41%
raincoats,
41%
wearing
41%
better
35%
Goodbye!
35%
it.
35%
postcards,
35%
sending
35%
believe
29%
No matching quizzes found
Score Distribution
Percent of People with Each Score
Percentile by Number Answered
Your Score History
You have not taken this quiz